Efektívne riadenie konvenčného tímu verzus virtuálneho bakalárska práca

Saved in:
Bibliographic Details
Main Author: Grandtnerová, Silvia
Corporate Author: Fakulta hospodárskej informatiky EU. Katedra aplikovanej informatiky
Other Authors: Cárachová, Magdaléna
Format: Book
Language:Slovak
Published: Bratislava 2021
Tags: Add Tag
No Tags, Be the first to tag this record!

MARC

LEADER 00000nbm a2200000 4500
001 0278276
005 20220317104945.2
041 0 |a slo 
044 |a SK 
245 1 0 |a Efektívne riadenie konvenčného tímu verzus virtuálneho  |b bakalárska práca  |c Silvia Grandtnerová ; školiteľ: Magdaléna Cárachová 
264 1 |a Bratislava  |c 2021 
300 |a 37 s. 
100 1 |a Grandtnerová, Silvia 
700 1 |a Cárachová, Magdaléna 
710 2 |a Fakulta hospodárskej informatiky EU. Katedra aplikovanej informatiky